Arroyo Blanco la ruta cubana de Churchill (Record no. 187576)

MARC details
000 -LEADER
campo de control de longitud fija 01085nam a2200265 i 4500
001 - NÚMERO DE CONTROL
campo de control 187576
003 - IDENTIFICADOR DE NÚMERO DE CONTROL
campo de control ES-MaACL
005 - FECHA Y HORA DE LA ÚLTIMA TRANSACCIÓN
campo de control 20250815004213.0
008 - DATOS DE LONGITUD FIJA--INFORMACIÓN GENERAL
campo de control de longitud fija 171129s2013 sp a |||| | spa d
020 ## - NÚMERO INTERNACIONAL ESTÁNDAR DEL LIBRO
Número Internacional Estándar del Libro 978-959-204-341-1
080 ## - NÚMERO DE LA CLASIFICACIÓN DECIMAL UNIVERSAL
Número de la Clasificación Decimal Universal 972.91
100 1# - ENTRADA PRINCIPAL--NOMBRE DE PERSONA
Nombre de persona Méndez Vargas, Lourdes María,
Fechas asociadas al nombre 1959-
9 (RLIN) 163865
245 10 - MENCIÓN DEL TÍTULO
Título Arroyo Blanco la ruta cubana de Churchill
Resto del título Un episodio de la Guerra del 95 /
Mención de responsabilidad, etc. Lourdes María Méndez Vargas ; [corrección, Clotilde Hernández Carús].
260 ## - PUBLICACIÓN, DISTRIBUCIÓN, ETC.
Lugar de publicación, distribución, etc. Sancti Spíritus :
Nombre del editor, distribuidor, etc. Ediciones Luminaria,
Fecha de publicación, distribución, etc. 2013.
300 ## - DESCRIPCIÓN FÍSICA
Extensión 269 p. :
Otras características físicas il. ;
Dimensiones 21 cm.
490 1# - MENCIÓN DE SERIE
Mención de serie Pensamiento
500 ## - NOTA GENERAL
Nota general Dedicatoria autógrafa.
650 #7 - PUNTO DE ACCESO ADICIONAL DE MATERIA--TÉRMINO DE MATERIA
Término de materia o nombre geográfico como elemento de entrada Historia contemporánea
Fuente del encabezamiento o término embne
9 (RLIN) 13393
700 1# - ENTRADA AGREGADA--NOMBRE PERSONAL
Nombre de persona Hernández Carús, Clotilde.
9 (RLIN) 163866
830 0# - PUNTO DE ACCESO ADICIONAL DE SERIE-TÍTULO UNIFORME
Título uniforme Pensamiento
9 (RLIN) 178722
852 ## - LOCALIZACIÓN
Ubicación ES-MaACL
Número de control de estantería A-14100
itemnumber 194662
Sublocalización o colección R.150991
Ubicación en estantería Depósito 1
Signatura antigua Olim: N-7100
Anotaciones manuscritas Dedicatoria autógrafa de la autora
Donativo/Legado Donación: Lourdes María Méndez Vargas
903 ## - NOMBRE PERSONAL DE DONANTE
a Méndez Vargas, Lourdes María,
d 1959-
e Donante
9 163865
942 ## - ELEMENTOS DE ENTRADA SECUNDARIOS (KOHA)
Fuente del sistema de clasificación o colocación Clasificación decimal universal
Tipo de ítem Koha Libro impreso
Holdings
Estatus retirado Estado de pérdida Fuente del sistema de clasificación o colocación Estado de daño No para préstamo Colección Biblioteca de origen Biblioteca actual Ubicación en estantería Fecha de adquisición Fuente de adquisición Total de préstamos Signatura topográfica completa Código de barras Visto por última vez Precio de reemplazo Tipo de ítem Koha Nota pública
    Clasificación decimal universal     Libros con dedicatorias Biblioteca del Ateneo de Madrid Biblioteca del Ateneo de Madrid Depósito 1 29/11/2017 Donación   A-14100 1198123 23/02/2023 23/02/2023 Libro impreso Dedicatoria autógrafa de la autora